Derecho penal: parte general
Guardat en:
| Autor principal: | |
|---|---|
| Format: | Llibre |
| Idioma: | espanyol |
| Publicat: |
Valencia
Tirant lo Blanch
2004
|
| Col·lecció: | Manuales
|
| Matèries: | |
| Etiquetes: |
Afegir etiqueta
Sense etiquetes, Sigues el primer a etiquetar aquest registre!
|
MARC
| LEADER | 00000nam a2200000 a 4500 | ||
|---|---|---|---|
| 001 | UCJ1104 | ||
| 003 | CL-VaPUC | ||
| 008 | 060929e20040000SP |||||||||||||||||spa|d | ||
| 020 | |a 8484561593 | ||
| 082 | 0 | 4 | |a 345.46 |b ZUG |2 21 |
| 100 | 0 | |a Zugaldia Espinar, José M |e author |9 501640 | |
| 245 | 1 | 0 | |a Derecho penal: parte general |
| 300 | |a 965 p | ||
| 942 | |c BK | ||
| 945 | |d 20060929 00:00:00 |a jtorresc | ||
| 260 | |a Valencia |b Tirant lo Blanch |c 2004 | ||
| 500 | |a www.tirant.es | ||
| 650 | 7 | |a DERECHO PENAL |2 CL-VaPUC |9 11 | |
| 650 | 0 | |a Derecho español |9 255291 | |
| 651 | 0 | |a España |9 254926 | |
| 583 | |a last modification |c 20060929 00:00:00 |k Rodrigo Vera | ||
| 490 | 0 | |a Manuales | |
| 999 | |c 317817 |d 317815 | ||
| 952 | |0 0 |1 0 |4 0 |6 345_460000000000000_ZUG_2004 |7 0 |8 A |9 394787 |a BIBDER |b BIBDER |d 2019-11-22 |i 4280792 |o 345.46 ZUG 2004 |p 4280792 |r 2023-01-25 |w 2019-11-22 |y BK |k DER | ||